000 017800000a22003850004500
999 _c45271
_d45271
001 18870
003 CO-MdFUSB
005 20180622170745.0
008 170918s2007 ck ||||| |||| 00| 0 spa d
020 _a9789586965866
040 _aCO-MdFUSB
_bspa
_cCO-MdFUSB
_dCO-MdFUSBC
_erda
041 0 _aspa
082 _223
_a G 362.5
_bOT88
245 0 0 _aLa otra ciudad y el habitante de calle
_c/ Marta Elene Correa , Lina Marcela Gonzáles , Gloria Montoya , Marta Aída Palacio , Antonio Pareja , Johanna Zapata
_b:
264 1 _aMedellín :
_b Universidad Pontificia Bolivariana,
_c2007
300 _a140 páginas
_c: 25 cm.
_b:
336 _2rdacontent
_a1
_ba1
337 _2rdamedia
_a2
_b5
338 _2rdacarrier
_a2
_b5
501 _arústico
504 _aBibliografía. Páginas. 137-140
505 0 1 _aIntroducción -- Posturas teóricas frente a la condición de habitante de calle -- Otras investigaciones acerca del habitante de calle -- Habitantes de calle en centro occidente de Medellín -- Habitantes de calle: hábitats móviles y territorialidad itinerante -- Los habitantes de calle, sus redes sociales e institucionales para la obtención de bienes primarios y servicios básicos -- Familia y habitante de calle: significado y construcciones -- conclusiones.
563 _aRústico.
650 0 _9946
_aProblemas sociales
653 _aPobreza -- Medellín
653 _aHabitante de Calle
720 2 _aAlcaldía de Medellín
720 1 _aCorrea A., Marta Elena
_eInvestigador
720 _aGonzález C., Lina Marcela
_einvestigador
720 _aMontoya C., Gloria
_eInvestigador
720 _aPalacio C., Marta Aída
_eInvestigador
720 _aPareja A., Antonio
_eInvestigador
720 _aZapata P., Johanna
_eInvestigador
942 _cBK